000 00756nam a2200205Ia 4500
003 GCL
008 140319s9999 xx 000 0 ara d
040 _aGCL /
_cGCL
082 0 4 _aق
_b386.43
_bم ق
100 1 _aمونتل، نتالى
245 1 0 _aحفر قناة السويس :
_bالمشروع والتنفيذ ( 1859 - 1869 ) /
_cمونتل، نتالى
700 1 _aعباس ابوغزالة
250 _aالاولى
260 _aالقاهرة :
_bعين للدراسات والبحوث الانسانية والاجتماعية ،
_c2005
300 _a384 ص ؛
_c32 سم
650 0 4 _aقناة السويس
650 0 4 _aقناة السويس - اقتصاديات
650 0 4 _aقناة السويس - تاريخ
942 _2ddc
_cBK
999 _c58172
_d58172